Sports Quiz

Random Sports or Football Quiz

Top 5 Career Rushers Per Franchise Quiz Stats

 Plays Quiz not verified by Sporcle

Challenge
Share
Tweet
Embed
Score 0/160 Timer 15:00
0 Plays Today
Team Rusher % Correct
Dallas CowboysEmmitt Smith
96.1%
Minnesota VikingsRobert Smith
95.7%
Houston TexansDomanick Williams
95%
Carolina PanthersDeAngelo Williams
93.2%
Miami DolphinsRicky Williams
93.2%
Tampa Bay BuccaneersCadillac Williams
92.9%
Seattle SeahawksJohn L. Williams
92.9%
Cleveland BrownsJim Brown
92.4%
Tennessee Titans/Houston OilersChris Johnson
92.2%
K.C. ChiefsLarry Johnson
92.1%
Miami DolphinsRonnie Brown
92%
Cincinnatti BengalsRudi Johnson
91.9%
Minnesota VikingsBill Brown
91.8%
Washington RedskinsLarry Brown
91.8%
Cincinnatti BengalsPete Johnson
91.8%
Minnesota VikingsTed Brown
91.8%
Pittsburgh SteelersJohn Henry Johnson
91.8%
Detroit LionsBarry Sanders
91.5%
St. Louis/L.A. RamsSteven Jackson
90.5%
Buffalo BillsFred Jackson
90.5%
Chicago BearsWalter Payton
90.3%
San Diego ChargersLaDainian Tomlinson
89.6%
Baltimore RavensJamal Lewis
88.9%
Ind./Balt. ColtsEdgerrin James
88.5%
Denver BroncosTerrell Davis
87.3%
Washington RedskinsStephen Davis
87%
Green Bay PackersAhman Green
86.9%
Baltimore RavensRay Rice
86.2%
Ind./Balt. ColtsMarshall Faulk
85.9%
St. Louis/L.A. RamsMarshall Faulk
85.9%
Jacksonville JaguarsFred Taylor
85.7%
New England PatriotsKevin Faulk
85.6%
Green Bay PackersJim Taylor
85.5%
Buffalo BillsThurman Thomas
85.4%
Baltimore RavensChester Taylor
85.4%
Detroit LionsAltie Taylor
85.3%
Houston TexansArian Foster
85.1%
New York GiantsTiki Barber
84.9%
Carolina PanthersDeShaun Foster
84.6%
New England PatriotsCurtis Martin
84.6%
New York JetsCurtis Martin
84.6%
Jacksonville JaguarsMaurice Jones-Drew
84.1%
Minnesota VikingsAdrian Peterson
83.6%
Pittsburgh SteelersJerome Bettis
83.2%
Baltimore RavensPriest Holmes
82%
K.C. ChiefsPriest Holmes
82%
San Francisco 49ersFrank Gore
82%
Atlanta FalconsMichael Turner
80.8%
Carolina PanthersCam Newton
80.6%
Atlanta FalconsJamal Anderson
79.6%
Denver BroncosMike Anderson
79.5%
Az/StL/Chi CardinalsOttis Anderson
79.4%
Chicago BearsNeal Anderson
79.4%
Buffalo BillsO.J. Simpson
78.2%
Team Rusher % Correct
Seattle SeahawksShaun Alexander
78.1%
Atlanta FalconsWarrick Dunn
76.9%
Tampa Bay BuccaneersWarrick Dunn
76.9%
Cincinnatti BengalsCorey Dillon
76.7%
Carolina PanthersJonathan Stewart
76.3%
Pittsburgh SteelersFranco Harris
76.2%
Jacksonville JaguarsJames Stewart
76.1%
Tennessee Titans/Houston OilersEddie George
75.4%
Oakland RaidersMarcus Allen
75.1%
Washington RedskinsTerry Allen
74.8%
New Orleans SaintsDeuce McAllister
73.7%
Philadelphia EaglesBrian Westbrook
73.2%
Chicago BearsMatt Forte
72.7%
Ind./Balt. ColtsEric Dickerson
71.5%
St. Louis/L.A. RamsEric Dickerson
71.5%
Baltimore RavensWillis McGahee
69.5%
Washington RedskinsClinton Portis
68.8%
Dallas CowboysTony Dorsett
68.7%
New York GiantsBrandon Jacobs
67.8%
Washington RedskinsJohn Riggins
65.6%
Miami DolphinsLarry Csonka
65.4%
Tennessee Titans/Houston OilersEarl Campbell
65.2%
Cincinnatti BengalsCedric Benson
63%
Green Bay PackersRyan Grant
61.9%
Pittsburgh SteelersWillie Parker
58.5%
Seattle SeahawksMarshawn Lynch
58%
San Francisco 49ersRoger Craig
57.3%
Miami DolphinsMercury Morris
54.1%
New York GiantsJoe Morris
54.1%
Chicago BearsGale Sayers
53.7%
Tampa Bay BuccaneersMike Alstott
53.5%
Houston TexansSteve Slaton
51.4%
Tennessee Titans/Houston OilersLorenzo White
49.2%
San Francisco 49ersGarrison Hearst
47.7%
Dallas CowboysCalvin Hill
46.8%
Philadelphia EaglesLeSean McCoy
46.4%
Buffalo BillsTravis Henry
43.7%
K.C. ChiefsChristian Okoye
41.8%
Philadelphia EaglesDuce Staley
41.7%
Atlanta FalconsGerald Riggs
41.2%
New England PatriotsSam Cunningham
40.1%
Seattle SeahawksCurt Warner
39.8%
San Diego ChargersNatrone Means
36.4%
Detroit LionsBilly Sims
33%
Seattle SeahawksChris Warren
30.6%
Philadelphia EaglesWilbert Montgomery
30.4%
New York JetsFreeman McNeil
29.4%
Cincinnatti BengalsJames Brooks
29.2%
New Orleans SaintsPierre Thomas
29.2%
New York GiantsRodney Hampton
28.9%
Cleveland BrownsKevin Mack
28.8%
Tampa Bay BuccaneersJames Wilder
27.2%
Denver BroncosFloyd Little
26.5%
San Francisco 49ersJoe Perry
26.3%
Team Rusher % Correct
New Orleans SaintsGeorge Rogers
26.2%
Ind./Balt. ColtsLenny Moore
25.5%
Houston TexansRon Dayne
25.2%
San Diego ChargersMarion Butts
24.3%
Cleveland BrownsLeroy Kelly
22.4%
Ind./Balt. ColtsLydell Mitchell
22%
Az/StL/Chi CardinalsStump Mitchell
22%
Minnesota VikingsChuck Foreman
21.8%
San Diego ChargersRyan Matthews
19.4%
Oakland RaidersNapoleon Kaufman
19.3%
Philadelphia EaglesSteve van Buren
19.2%
Atlanta FalconsWilliam Andrews
18.4%
New Orleans SaintsDalton Hilliard
18.3%
Tampa Bay BuccaneersMichael Pittman
17.7%
Cleveland BrownsGreg Pruitt
17.6%
Cleveland BrownsMike Pruitt
17.6%
Oakland RaidersMark van Eeghen
16.9%
K.C. ChiefsJamaal Charles
16.5%
Houston TexansBen Tate
16.4%
New England PatriotsJim Nance
16.2%
Jacksonville JaguarsDavid Garrard
15.7%
New York JetsMatt Snell
14.7%
Denver BroncosSammy Winder
14.5%
Miami DolphinsJim Kiick
14.4%
Jacksonville JaguarsMark Brunell
13.2%
New Orleans SaintsRueben Mayes
12.2%
New York JetsEmerson Boozer
12.2%
Buffalo BillsJoe Cribbs
12.2%
St. Louis/L.A. RamsLawrence McCutcheon
12.1%
Denver BroncosOtis Armstrong
11.6%
Green Bay PackersJohn Brockington
11%
Carolina PanthersTim Biakabutuka
9.7%
Az/StL/Chi CardinalsJim Otis
9.5%
New England PatriotsTony Collins
8.8%
Dallas CowboysRobert Newhouse
8.5%
Dallas CowboysDon Perkins
6.4%
Oakland RaidersMarv Hubbard
5.8%
K.C. ChiefsEd Podolak
5.2%
Chicago BearsRick Casares
5%
Oakland RaidersClem Daniels
5%
Az/StL/Chi CardinalsCharlie Trippi
4.9%
St. Louis/L.A. RamsDick Bass
4.1%
San Francisco 49ersKen Willard
4%
Green Bay PackersTony Canadeo
3.9%
New York JetsJohnny Hector
3.9%
Detroit LionsDexter Bussey
3.9%
San Diego ChargersPaul Lowe
3.7%
New York GiantsAlex Webster
2.8%
Pittsburgh SteelersFrank Pollard
2.7%
Az/StL/Chi CardinalsJohnny Roland
2.7%
Tennessee Titans/Houston OilersHoyle Granger
2%
Detroit LionsNick Pietrosante
1.4%

You're not logged in!

Compare scores with friends on all Sporcle quizzes.
OR
Log In

You Might Also Like...

Show Comments

Extras

Top Quizzes Today


Score Distribution

Your Account Isn't Verified!

In order to create a playlist on Sporcle, you need to verify the email address you used during registration. Go to your Sporcle Settings to finish the process.

Report this User

Report this user for behavior that violates our Community Guidelines.

Details: